An introduction to object-oriented programming and C++

Podrobná bibliografia
Hlavní autori: Šperka, Martin (Autor), Wiener, Richard S. (Autor), Pinson, Lewis J. (Autor)
Médium: Článok
Jazyk:angličtina
Predmet:

MARC

LEADER 00000nab a2200000 a 4500
001 vtls000448001
003 SK-MaSNL
005 20260318122607.0
008 230217c1991 xo 0 eng
015 |a SNBRB19rr/mm-uuuuu 
035 |a CL0448132 
035 |a urn:nbn:sk:snk-ab1q5n 
035 |a (urnnbn)urn:nbn:sk:snk:ar-004y0i 
035 |a (uuid)ff600b96-5263-4c28-9f6e-51f569b3939c 
040 |a SNKBUCL  |b slo  |c SNKBUCL  |e AACR2 
041 0 |a eng 
044 |a xo  |c SK 
080 |a 519.682  |2 1981 
100 1 |a Šperka, Martin  |4 aut  |9 288009 
245 1 0 |a An introduction to object-oriented programming and C++  |c Martin Šperka0 
650 0 7 |a programovanie objektovo orientované  |2 snkbucl  |9 289061 
650 0 7 |a programovacie jazyky  |2 snkbucl  |9 1838 
650 0 7 |a C++  |2 snkbucl  |9 85332 
655 7 |a články z novín a časopisov  |2 snkbucl  |9 267496 
700 1 |a Wiener, Richard S.  |4 aut  |9 1542041 
700 1 |a Pinson, Lewis J.  |4 aut  |9 1542042 
773 0 |t Computers and artificial intelligence  |g Roč. 10, č. 1 (1991), s. 86 
787 0 8 |i Rec.:  |a Wiener, Richard S.  |t An Introducion to Object-oriented Programming and C++  |d Reading, Massachusetts : Adisson-Wesley Publ. Comp., 1988 
850 |a Slovenská národná knižnica v Martine  |a MTA001 
852 |a SNK  |b KIS3GCP 
958 |a RK 
958 |a OND 
958 |a EUIPO 
958 |a article27 
992 |a RBX 
999 |c 3127074  |d 3129004